000 00293nam a2200109Ia 4500
008 200302s9999 xx 000 0 und d
100 _aHimanshu Prabha Ray Other
245 _aIndian world Heritage sites in context
260 _bNational Monuments Authority
260 _c2014
300 _a135 P.,
999 _c4038
_d4038